000
00330nam a22001457a 4500
008
230907b ||||| |||| 00| 0 eng d
020
_a
0226078868
041
_a
eng
080
_a
101
082
_a
101BUC
100
_a
44
101
_a
FILOZ
245
_a
THE RISE OF THE WAVE THEORY OF LIGHT
_c
BUCHWALD.Z.J
942
_2
udc
_c
BK
999
_c
60288
_d
60288